Alle Österreichischen Olympiasieger/innen - Statistiken

Allgemein
  • Dieses Quiz wurde 190 mal gespielt
    69 seit der letzten Aktualisierung
  • Das Durchschnittsergebnis liegt bei 40 aus 132
Antwortstatistiken
Olympische Spiele Disziplin Name % Korrekt
Pyeongchang 2018 Ski Alpin - Kombination Marcel Hirscher
91%
Pyeongchang 2018 Ski Alpin - Riesenslalom Marcel Hirscher
91%
Nagano 1998 Ski Alpin - Riesenslalom Hermann Maier
83%
Nagano 1998 Ski Alpin - Super G Hermann Maier
83%
Beijing 2022 Skispringen - Mannschaft Stefan Kraft
74%
Sotschi 2014 Ski Alpin - Abfahrt Matthias Mayer
72%
Pyeongchang 2018 Ski Alpin - Super-G Matthias Mayer
72%
Beijing 2022 Ski Alpin - Super-G Matthias Mayer
72%
Turin 2006 Skispringen - Großschanze, Mannschaft Thomas Morgenstern
69%
Turin 2006 Skispringen - Großschanze, Einzel Thomas Morgenstern
69%
Vancouver 2010 Skispringen - Großschanze, Mannschaft Thomas Morgenstern
69%
Vancouver 2010 Skispringen - Großschanze, Mannschaft Gregor Schlierenzauer
67%
Sotschi 2014 Ski Alpin - Super-G Anna Fenninger
61%
Sotschi 2014 Ski Alpin - Slalom Mario Matt
61%
Beijing 2022 Ski Alpin - Mannschaftswettbewerb Michael Matt
61%
Pyeongchang 2018 Snowboard - Big Air Anna Gasser
59%
Beijing 2022 Snowboard - Big Air Anna Gasser
59%
Turin 2006 Ski Alpin - Riesenslalom Benjamin Raich
59%
Turin 2006 Ski Alpin - Slalom Benjamin Raich
59%
Innsbruck 1976 Ski Alpin - Abfahrt Franz Klammer
57%
Salt Lake City 2002 Ski Alpin - Riesenslalom Stephan Eberharter
56%
Beijing 2022 Ski Alpin - Alpine Kombination Johannes Strolz
54%
Beijing 2022 Ski Alpin - Mannschaftswettbewerb Johannes Strolz
54%
Turin 2006 Ski Alpin - Abfahrt Michaela Dorfmeister
54%
Turin 2006 Ski Alpin - Super-G Michaela Dorfmeister
54%
Beijing 2022 Skispringen - Mannschaft Daniel Huber
52%
Turin 2006 Nordische Kombination - Mannschaft Felix Gottwald
52%
Turin 2006 Nordische Kombination - Sprint Felix Gottwald
52%
Vancouver 2010 Nordische Kombination - Mannschaft Felix Gottwald
52%
Calgary 1988 Ski Alpin - Alpine Kombination Hubert Strolz
52%
Beijing 2022 Skispringen - Mannschaft Manuel Fettner
52%
Beijing 2022 Ski Alpin - Mannschaftswettbewerb Katharina Huber
50%
Lake Placid 1980 Ski Alpin - Abfahrt Annemarie Moser-Pröll
48%
Beijing 2022 Ski Alpin - Mannschaftswettbewerb Katharina Liensberger
48%
Cortina d´Ampezzo 1956 Ski Alpin - Abfahrt Toni Sailer
48%
Cortina d´Ampezzo 1956 Ski Alpin - Riesenslalom Toni Sailer
48%
Cortina d´Ampezzo 1956 Ski Alpin - Slalom Toni Sailer
48%
Turin 2006 Rennrodeln - Doppelsitzer Andreas Linger
46%
Vancouver 2010 Rennrodeln - Doppelsitzer Andreas Linger
46%
Beijing 2022 Snowboard - Parallel-Riesenslalom Benjamin Karl
46%
Turin 2006 Rennrodeln - Doppelsitzer Wolfgang Linger
46%
Vancouver 2010 Rennrodeln - Doppelsitzer Wolfgang Linger
46%
Tokyo 2020 Radsport - Straßenrennen Anna Kiesenhofer
44%
Vancouver 2010 Nordische Kombination - Mannschaft Bernhard Gruber
44%
Turin 2006 Nordische Kombination - Mannschaft Michael Gruber
44%
Vancouver 2010 Skispringen - Großschanze, Mannschaft Wolfgang Loitzl
44%
Lake Placid 1980 Schispringen - Kleinschanze Einzel Anton Innauer
43%
Turin 2006 Nordische Kombination - Mannschaft Mario Stecher
43%
Vancouver 2010 Nordische Kombination - Mannschaft Mario Stecher
43%
Paris 2024 Segeln - Formula Kite Valentin Bontus
43%
Turin 2006 Skispringen - Großschanze, Mannschaft Andreas Kofler
41%
Vancouver 2010 Skispringen - Großschanze, Mannschaft Andreas Kofler
41%
Turin 2006 Skispringen - Großschanze, Mannschaft Andreas Widhölzl
39%
Beijing 2022 Skispringen - Mannschaft Jan Hörl
39%
Beijing 2022 Ski Alpin - Mannschaftswettbewerb Katharina Truppe
39%
Pyeongchang 2018 Rennrodeln - Einsitzer David Gleirscher
37%
Salt Lake City 2002 Ski Alpin - Abfahrt Fritz Strobl
37%
Albertville 1992 Ski Alpin - Abfahrt Patrick Ortlieb
37%
Vancouver 2010 Ski Alpin - Super-G Andrea Fischbacher
33%
Athen 2004 Triathlon Kate Allen
33%
Cortina d´Ampezzo 1956 Eiskunstlauf - Paare Sissy Schwarz
33%
Lillehammer 1994 Ski Alpin - Slalom Thomas Stangassinger
33%
Grenoble 1968 Eiskunstlauf - Einzel Wolfgang Schwarz
33%
Lake Placid 1980 Ski Alpin - Abfahrt Leonhard Stock
31%
Turin 2006 Skispringen - Großschanze, Mannschaft Martin Koch
31%
Albertville 1992 Skispringen - Normalschanze Einzel Ernst Vettori
30%
Nagano 1998 Ski Alpin- Alpine Kombination Mario Reiter
30%
Beijing 2022 Snowboard - Snowboardcross Alessandro Hämmerle
28%
Turin 2006 Nordische Kombination - Mannschaft Christoph Bieler
28%
Sotschi 2014 Snowboard - Parallelslalom Julia Dujmovits
28%
Sydney 2000 Segeln - Tornado Roman Hagara
28%
Athen 2004 Segeln - Tornado Roman Hagara
28%
Beijing 2022 Ski Alpin - Mannschaftswettbewerb Stefan Brennsteiner
28%
Paris 2024 Segeln - 470er-Mixed Lara Vadlau
26%
Los Angeles 1984 Judo - Mittelgewicht Peter Seisenbacher
26%
Seoul 1988 Judo - Mittelgewicht Peter Seisenbacher
26%
Albertville 1992 Ski Alpin - Slalom Petra Kronberger
26%
Albertville 1992 Ski Alpin - Alpine Kombination Petra Kronberger
26%
Calgary 1988 Ski Alpin - Alpine Kombination Anita Wachter
22%
Salt Lake City 2002 Skilanglauf - 30km Christian Hofmann
20%
Vancouver 2010 Nordische Kombination - Mannschaft David Kreiner
20%
Squaw Valley 1960 Ski Alpin - Slalom Ernst Hinterseer
20%
Sydney 2000 Segeln - Windsurfen Christoph Sieber
19%
Innsbruck 1976 Schispringen - Großschanze Einzel Karl Schnabl
19%
Innsbruck 1964 Ski Alpin - Abfahrt Egon Zimmermann
17%
Sydney 2000 Segeln - Tornado Hans-Peter Steinacher
17%
Athen 2004 Segeln - Tornado Hans-Peter Steinacher
17%
Calgary 1988 Ski Alpin - Super-G Sigrid Wolf
17%
Albertville 1992 Rennrodeln - Einsitzer Doris Neuner
13%
Lillehammer 1994 Eisschnelllauf - 1500m Emese Hunyady
13%
Paris 2024 Segeln - 470er-Mixed Lukas Mähr
13%
Moskau 1980 Reitsport - Dressur Elisabeth Theurer
11%
Albertville 1992 Bobsport - Viererbob Ingo Appelt
11%
Innsbruck 1964 Ski Alpin - Abfahrt Christl Haas
9%
Amsterdam 1928 Gewichtheben - Dreikampf, Leichtgewicht Hans Haas
9%
Grenoble 1968 Ski Alpin - Abfahrt Olga Pall
7%
Chamonix 1924 Eiskunstlauf - Paare Alfred Berger
6%
Grenoble 1968 Rennrodeln - Einsitzer Manfred Schmid
6%
Albertville 1992 Bobsport - Viererbob Harald Winkler
4%
London 1948 Leichtathletik - Speerwurf Herma Bauma
4%
Lake Placid 1932 Eiskunstlauf - Einzel Karl Schäfer
4%
Garmisch-Partenkirchen 1936 Eiskunstlauf - Einzel Karl Schäfer
4%
Innsbruck 1964 Ski Alpin - Slalom Pepi Stiegler
4%
Sapporo 1972 Eiskunstlauf - Einzel Beatrix Schuber
2%
Athen 1906 Gewichtheben - einarmig Stoßen Josef Steinbach
2%
Athen 1896 Schwimmen - 500m Freistil Paul Neumann
2%
St. Moritz 1948 Ski Alpin - Alpine Kombination Trude Jochum-Beiser
2%
Oslo 1952 Ski Alpin - Abfahrt Trude Jochum- Beiser
2%
London 1948 Baukunst - Architektonische Entwürfe Adolf Hoch
0%
Berlin 1936 Kanusport - Zweier Kajak1000m Adolf Kainz
0%
Athen 1896 Radsport - 12-Stunden-Rennen Adolf Schmal
0%
Berlin 1936 Kanusport - Zweier Kajak 1000m Alfons Dorfner
0%
Amsterdam 1928 Bildhauerkunst - Reliefs und Medaillen Edwin Grienauer
0%
Los Angeles 1932 Fechten - Florett Ellen Müller-Preis
0%
Amsterdam 1928 Gewichtheben - Dreikampf, Federgewicht Franz Andrysek
0%
Albertville 1992 Bobsport - Viererbob Gerhard Haidacher
0%
Berlin 1936 Kanusport - Kajak-Einer 1000m Gregor Hradetzky
0%
Berlin 1936 Kanusport - Faltboot Einer 10.000m Gregor Hradetzky
0%
Chamonix 1924 Eiskunstlauf - Paare Helene Engelmann
0%
Berlin 1936 Baukunst - Architektonische Entwürfe Hermann Kutschera
0%
Chamonix 1924 Eiskunstlauf - Einzel Herma Szabó
0%
Rom 1960 Schießen - Freies Gewehr Hubert Hammerer
0%
Innsbruck 1964 Rennrodeln - Doppelsitzer Josef Feistmantl
0%
St. Louis 1904 Turnen - gemischter Zwölfkampf Julius Lenhart
0%
St. Louis 1904 Turnen - gemischter Zwölfkampf Mannschaft Julius Lenhart
0%
Cortina d´Ampezzo 1956 Eiskunstlauf - Paare Kurt Oppelt
0%
Innsbruck 1964 Rennrodeln - Doppelsitzer Manfred Stengl
0%
Oslo 1952 Ski Alpin - Slalom Othmar Schneider
0%
Athen 1906 Schwimmen - 400m Kraul Otto Scheff
0%
Berlin 1936 Gewichtheben - Dreikampf, Leichtgewicht Robert Fein
0%
Athen 1906 Ringen - griechisch-römisch, Leichtgewicht Rudolf Watzl
0%
Albertville 1992 Bobsport - Viererbob Thomas Scholl
0%
Keine übereinstimmenden Quizze gefunden
Verteilung der Resultate
Anzahl Personen mit jedem Resultat
Perzentil nach korrekt beantworteten Fragen
Ihre Resultats-Entwicklung
Sie haben dieses Quiz seit der letzten Aktualisierung nicht gespielt